000 00724nam a2200253Ia 4500
003 OSt
005 20220928114722.0
006 a|||||r|||| 00| 0
007 ta
008 220927b |||||||| |||| 00| 0 hin d
020 _cINR 600.00
024 _a135090
037 _b303, 09/03/2017, Eastern Book Linkers
_cTextual
040 _aSDCL
_cSDCL
_bhin
041 _2hin
_ahin
082 _aR6, Q7
100 _aDwivedi G.
_9440561
245 0 _aIshwarpratyabhigyavimarshini
260 _aNew Delhi
_bClassical Publishing
_c2017
300 _ax,238p.
_ccm.
650 _aSanskrit
_9391587
942 _hR6, Q7
_cTEXL
_2CC
999 _c756126
_d756126